Fright night 2 (Record no. 155026)
[ view plain ]
| 000 -LEADER | |
|---|---|
| fixed length control field | 02033cgm a2200409 a 4500 |
| 001 - CONTROL NUMBER | |
| control field | vtls003255128 |
| 003 - CONTROL NUMBER IDENTIFIER | |
| control field | MY-SjTCS |
| 005 - DATE AND TIME OF LATEST TRANSACTION | |
| control field | 20200226115845.0 |
| 007 - PHYSICAL DESCRIPTION FIXED FIELD--GENERAL INFORMATION | |
| fixed length control field | vd cvuiru |
| 008 - FIXED-LENGTH DATA ELEMENTS--GENERAL INFORMATION | |
| fixed length control field | 131203s2013 cau099 |00 vueng d |
| 039 #9 - LEVEL OF BIBLIOGRAPHIC CONTROL AND CODING DETAIL [OBSOLETE] | |
| Level of rules in bibliographic description | 201402031447 |
| Level of effort used to assign nonsubject heading access points | shuhada |
| Level of effort used to assign subject headings | 201401291439 |
| Level of effort used to assign classification | shuhada |
| -- | 201312031425 |
| -- | malathy |
| 041 1# - LANGUAGE CODE | |
| Language code of text/sound track or separate title | eng |
| Language code of subtitles | eng |
| -- | fre |
| -- | spa |
| Language code of original | eng |
| 043 ## - GEOGRAPHIC AREA CODE | |
| Geographic area code | e-rm--- |
| 082 04 - DEWEY DECIMAL CLASSIFICATION NUMBER | |
| Classification number | 791.4372 |
| Item number | FRI 2013 |
| 245 00 - TITLE STATEMENT | |
| Title | Fright night 2 |
| Medium | [videorecording : |
| Remainder of title | new blood / |
| Statement of responsibility, etc. | produced by Michael Gaeta and Alision Rosenzweig ; written by Matt Venne ; directed by Eduard Rodriguez. |
| 260 ## - PUBLICATION, DISTRIBUTION, ETC. | |
| Place of publication, distribution, etc. | Beverly Hills, CA : |
| Name of publisher, distributor, etc. | Twentieth Century Fox Home Entertainment ; |
| Place of publication, distribution, etc. | Ampang : |
| Name of publisher, distributor, etc. | Movie Magic Sdn. Bhd., |
| Date of publication, distribution, etc. | c2013. |
| 300 ## - PHYSICAL DESCRIPTION | |
| Extent | 1 videodisc (99 min.) : |
| Other physical details | sd., col. ; |
| Dimensions | 4 3/4 in. |
| 500 ## - GENERAL NOTE | |
| General note | Originally released as a motion picture in 2013. |
| 500 ## - GENERAL NOTE | |
| General note | Based on characters created by Tom Holland. |
| 500 ## - GENERAL NOTE | |
| General note | Special features: audio commentary with the director and producers ; Fright night webisodes ; Dracula revealed. |
| 508 ## - CREATION/PRODUCTION CREDITS NOTE | |
| Creation/production credits note | Film editor, Don Adams ; director of photography, Yaron Levy ; music, Luis Ascanio. |
| 511 1# - PARTICIPANT OR PERFORMER NOTE | |
| Participant or performer note | Jaime Murray, Will Payne, Sean Power, Sacha Parkinson, Chris Waller. |
| 520 ## - SUMMARY, ETC. | |
| Summary, etc. | 'The last man on Earth' originally released as a motion picture in 1964; 'The phantom creeps' originally released as a motion picture in 1939 ; 'Nightmare castle' originally released as a motion picture in 1965. |
| 538 ## - SYSTEM DETAILS NOTE | |
| System details note | DVD, NTSC, region 1, widescreen (1.78:1) Dual layer, Dolby Digital 5.1. |
| 546 ## - LANGUAGE NOTE | |
| Language note | English dialogue; Spanish, English or French subtitles; closed-captioned. |
| 650 #0 - SUBJECT ADDED ENTRY--TOPICAL TERM | |
| Topical term or geographic name entry element | Vampires |
| Geographic subdivision | Romania |
| Form subdivision | Drama. |
| 700 1# - ADDED ENTRY--PERSONAL NAME | |
| Personal name | Gaeta, Michael. |
| 700 1# - ADDED ENTRY--PERSONAL NAME | |
| Personal name | Venne, Matt, |
| Dates associated with a name | 1974- |
| 700 1# - ADDED ENTRY--PERSONAL NAME | |
| Personal name | Rodriguez, Eduardo. |
| 700 1# - ADDED ENTRY--PERSONAL NAME | |
| Personal name | Murray, Jaime, |
| Dates associated with a name | 1977- |
| 700 1# - ADDED ENTRY--PERSONAL NAME | |
| Personal name | Payne, Will, |
| Dates associated with a name | 1989- |
| 700 1# - ADDED ENTRY--PERSONAL NAME | |
| Personal name | Power, Sean. |
| 710 2# - ADDED ENTRY--CORPORATE NAME | |
| Corporate name or jurisdiction name as entry element | Twentieth Century Fox Home Entertainment, Inc. |
| 9 (RLIN) | 13222 |
| 710 2# - ADDED ENTRY--CORPORATE NAME | |
| Corporate name or jurisdiction name as entry element | Twentieth Century-Fox Film Corporation. |
| 9 (RLIN) | 70294 |
| 920 ## - Programme | |
| Programme | GENLS : 207348 |
| 921 ## - Programme | |
| Programme | GEN : 208846 |
| Withdrawn status | Lost status | Source of classification or shelving scheme | Damaged status | Not for loan | Home library | Current library | Date acquired | Cost, normal purchase price | Total Checkouts | Barcode | Date last seen | Date last checked out | Copy number | Cost, replacement price | Koha item type | Public note |
|---|---|---|---|---|---|---|---|---|---|---|---|---|---|---|---|---|
| Withdrawn | Dewey Decimal Classification | Taylor's Library-TC | Taylor's Library-TC | 22/01/2014 | 49.90 | 1000529649 | 05/12/2019 | 1 | 49.90 | Media Resources | GENxx,GENxx,01,CL | |||||
| Dewey Decimal Classification | Taylor's Library-TU | Taylor's Library-TU | 19/12/2013 | 49.90 | 4 | 1000529515 | 05/12/2019 | 25/07/2014 | 1 | 49.90 | Media Resources | GENLS,GENLS,01,CL |